HAL's legacy : 2001's computer as dream and reality

Saved in:
Bibliographic Details
Other Authors: Stork, David G. (Editor), Clarke, Arthur C. (Arthur Charles) 1917-2008 (Author of introduction, etc.)
Format: Book
Language:English
Published: Cambridge, Mass. : MIT Press, c1997
Subjects:
Tags: Add Tag
No Tags, Be the first to tag this record!

MARC

LEADER 00000nam a2200000 i 4500
001 1/15973
008 010122s1997 eng d
020 |a 0-262-69211-2 
035 |l 10065609 
040 |a GR-MY-UA  |b gre  |e aacr 
041 0 |a eng 
082 0 |a 791.4372 
245 1 0 |a HAL's legacy :  |b 2001's computer as dream and reality /  |c edited by David G. Stork ; foreword by Arthur C.Clarke 
260 |a Cambridge, Mass. :   |b MIT Press,   |c c1997 
300 |a xxi, 384 p.;  |b ill.;  |c 23 cm. 
504 |a Includes index 
650 0 0 |a Computer science. 
650 0 0 |a Supercomputers. 
700 1 |a Stork, David G.  |4 edt 
700 1 |a Clarke, Arthur C.  |q (Arthur Charles)  |d 1917-2008.  |4 aui 
852 |a INST  |b SYROS  |e 20010122  |h 791.4372 HAL  |p 005500001653  |q 005500001653  |t BK  |y 0 
901 |a BIBL5-2001-1 
909 |a Ε  |b 084422 
922 |a 5ΕΛΗ  |b 200012  |c ΓΡΑΦΙΚΩΝ ΤΕΧΝΩΝ  |d ΜΙΧΑΛΟΠΟΥΛΟΣ 
950 |a 183-2000-12-09 
970 |a ΚΟΝΤΟΥ  |b ΠΑΡΑΣΚΕΥΗ  |z 2001/02/09